Library of the University of Algiers 3
Ibrahim Sultan Cheibout
شعار جامعة الجزائر 3
مكتبة جامعة الجزائر 3
إبراهيم سلطان شيبوط

مشكلة الإغراق : (رقم التسجيلة. 43140)

تفاصيل مارك
000 -LEADER
fixed length control field 01391nam a2200229Ia 4500
003 - CONTROL NUMBER IDENTIFIER
control field Ost
005 - DATE AND TIME OF LATEST TRANSACTION
control field 20260507075125.0
008 - FIXED-LENGTH DATA ELEMENTS--GENERAL INFORMATION
fixed length control field 260507s9999||||xx |||||||||||||| ||und||
020 ## - INTERNATIONAL STANDARD BOOK NUMBER
International Standard Book Number 9773282341
040 ## - CATALOGING SOURCE
Transcribing agency fsecg
041 ## - LANGUAGE CODE
Language code of text/sound track or separate title ara
082 ## - DEWEY DECIMAL CLASSIFICATION NUMBER
Classification number 658
100 ## - MAIN ENTRY--PERSONAL NAME
Personal name محمد الغزالي، محمد،
Relator term مؤلف
245 #0 - TITLE STATEMENT
Title مشكلة الإغراق :
Remainder of title دراسة مقارنة /
Statement of responsibility, etc. محمد محمد الغزالي
260 ## - PUBLICATION, DISTRIBUTION, ETC.
Place of publication, distribution, etc. الإسكندرية:
Name of publisher, distributor, etc. دار الجامعة الجديدة,
Date of publication, distribution, etc. 2006
300 ## - PHYSICAL DESCRIPTION
Extent 437 صفحة؛
Other physical details إيضاحات ؛
Dimensions 24 سم
504 ## - BIBLIOGRAPHY, ETC. NOTE
Bibliography, etc. note مراجع ص.424
520 ## - SUMMARY, ETC.
Summary, etc. مفهوم الإغراق و أسبابه و اهدافه و تاريخه و مقدمات الاغراق و صوره و انواعه و نطاقه و الفرق بين الاغراق و أشباهه كحرق الاسعار و التسعير الضاري و تلقي الركبان و بيع الوضعية كما تم التطرق الى الاثار الاقتصادية و الاجتماعية للاغراق و حكمه في لبشريعة و في النظم الوضعية و تناول المسئولية عن الاغراق كما تم التطرق الى تشريعات مكافحة الاغراق و اتفاقية الجات و مكافحة الاغراق و اجهزة مكافحته .
653 ## - INDEX TERM--UNCONTROLLED
Uncontrolled term الإغراق
653 ## - INDEX TERM--UNCONTROLLED
Uncontrolled term التسويق
942 ## - ADDED ENTRY ELEMENTS (KOHA)
Koha item type كتب
المقتنيات
Withdrawn status Lost status Source of classification or shelving scheme Damaged status Not for loan Home library Current library Date acquired Serial enumeration / chronology Inventory number Total checkouts Full call number Barcode Date last seen Price effective from Koha item type
    Dewey Decimal Classification   Available مكتبة كلية العلوم الإقتصادية والعلوم التجارية وعلوم التسيير مكتبة كلية العلوم الإقتصادية والعلوم التجارية وعلوم التسيير 07/05/2026 الطابق الثاني 2067/9   أ/2067ن9 2067/9 07/05/2026 07/05/2026 كتب

موارد الويب المفتوحة


© University of Algiers 3 All Rights Reserved
|
Implemented by LECHELAH Riad